| 000 | 00937amm a2200253 4500 | ||
|---|---|---|---|
| 008 | 020916s2005 cat | ||
| 041 | _acat | ||
| 080 | _a614.31 | ||
| 245 |
_aGlossari de termes tècnics de salut pública _h[en línia] _cCoordinació de l'edició catalana: Direcció General de Salut Pública |
||
| 260 |
_a[S.l.] _bEuropean Commission. Health and Consumer Protection _c2005 |
||
| 300 |
_a192 p. _b1 document PDF |
||
| 520 | _a360 | ||
| 546 | _acatalà | ||
| 591 | _aGTTSAL-E | ||
| 592 | _aObra terminològica | ||
| 593 | _aER | ||
| 650 | 0 |
_asalut pública _963165 |
|
| 856 | _uhttps://canalsalut.gencat.cat/web/.content/_Professionals/Recursos/altres_recursos_interes/serveis_linguistics/diccionaris_terminologia/diccionaris/estatics/gloster2004.pdf | ||
| 901 | _c<2005> | ||
| 902 | _a020916 | ||
| 942 |
_cMO _2ddc _n0 |
||
| 999 |
_c68334 _d68334 |
||